000 00465nab a2200145Ia 4500
003 ES-SlBCS
005 20210601134624.0
008 140529s1988 xxu||||| |||| 00| 0 spa d
041 _aspa
100 1 _aMartínez M., Miguel
_9220387
245 0 0 _aEnfoque sistémico y metodología de la investigación
_c Miguel Martínez M.
650 0 4 _aMetodología de la Investigación
_9220531
773 0 _tAnthropos
_gvol. 9, nº. 16, 1988, págs. 43-56
_wRev38
942 _cAR
999 _c615424
_d615424